Sports Quiz

Random Sports Quiz

Superbowl stadiums Quiz Stats

 Plays Quiz not verified by Sporcle

Score 0/24 Timer 08:00
0 Plays Today
Superbowl number stadium or field name % Correct
XLVILucas Oil Stadium
82.1%
XLFord Field
78.6%
XXXVIIIReliant Stadium
78.6%
XLIIIRaymond James Stadium
75%
XXXVRaymond James Stadium
75%
XXIVLouisiana Super Dome
71.4%
XLIIUniversity of Phoenix Stadium
71.4%
XXXVIIQualcomm Stadium
71.4%
XXXVILouisiana Super Dome
71.4%
XXXIIQualcomm Stadium
71.4%
XXXILouisiana Super Dome
71.4%
XLVIILouisiana Super Dome
71.4%
Superbowl number stadium or field name % Correct
XLIVSunlife Stadium
64.3%
XXXIVGeorgia Dome
64.3%
XXXSun Devil Stadium
64.3%
XXVIIIGeorgia Dome
64.3%
XXVIIRose Bowl
64.3%
XLVCowboy Stadium
50%
XXXIXAlltel Stadium
39.3%
XLIDolphin Stadium
35.7%
XXXIIIPro Player Stadium
35.7%
XXVIHHH Metrodome
28.6%
XXVTampa Field
7.1%
XXIXRobbie Stadium
0%

You're not logged in!

Compare scores with friends on all Sporcle quizzes.
OR
Log In

Show Comments

Extras

Created Feb 26, 2012ReportNominate
Tags:field, Stadiums, Super Bowl

Top Quizzes Today


Score Distribution

Your Account Isn't Verified!

In order to create a playlist on Sporcle, you need to verify the email address you used during registration. Go to your Sporcle Settings to finish the process.

Report this User

Report this user for behavior that violates our Community Guidelines.

Details: